00497nmm a2200157Ia 4500008004100000020001800041041000800059100002600067245005700093264006900150300001800219650002700237856005100264942000700315999001700322251105s9999||||xx |||||||||||||||||und|| a9788416515097 aspa aPolo Redondo, Yolanda 0aEl valor del marketing para la empresa y la sociedad a[Madrid, España] :bPrensas Universitarias de Zaragoza, c2015 a138 páginas aEconomics and Business uhttps://public.digitaliapublishing.com/a/59255 cCF c77837d77837